Logo BPK

Biblioteka

Politechniki Koszalińskiej

Famous Writers Course : (Rekord nr 48359)

Szczegóły MARC
000 -ETYKIETA REKORDU
podpole kontrolne o stałej długości 00629nam a2200205 i 4500
001 - NUMER KONTROLNY REKORDU
pole kontrolne bgj
040 ## - ŹRÓDŁO KATALOGOWANIA
Instytucja, która utworzyła rekord BPK
041 0# - KOD JĘZYKA
Kod języka tekstu eng
008 - POLE O STAŁEJ DŁUGOŚCI - DANE KONTROLNE
podpole kontrolne o stałej długości s uk f |000 0 eng
110 2# - NAZWA CIAŁA ZBIOROWEGO
Nazwa ciała zbiorowego Famous Writers School Inc. (Westport, Con.).
245 10 - TYTUŁ/ODPOWIEDZIALNOŚĆ
Tytuł Famous Writers Course :
Ciąg dalszy tytułu principles of good writing /
Pozostałe elementy strefy tytułu i oznaczenia odpowiedzialności Famous Writers School Inc.
260 ## - STREFA ADRESU WYDAWNICZEGO
Miejsce wydania Westport, Con. :
Nazwa wydawcy/dystrybutora Famous Writers School Inc.,
Data publikacji, dystrybucji/powstania dokumentu 1960.
300 ## - STREFA OPISU FIZYCZNEGO
Objętość 216 pp :
Inne cechy fizyczne ill. ;
Rozmiary 27 cm.
490 1# - STREFA SERII I DOKUMENTU WIELOCZĘŚCIOWEGO - FORMA NIE DO WYSZUKIWANIA
Tytuł i oznaczenie odpowiedzialności serii Famous Writers Course
504 ## - UWAGA DOTYCZĄCA BIBLIOGRAFII
Informacje o bibliografii Includes index.
650 #9 - HASŁO PRZEDMIOTOWE W FORMIE NAZWY OGÓLNEJ LUB JEDNOSTKOWEJ
Nazwa ogólna lub geograficzna English language
Określnik ogólny Rhetoric
650 #9 - HASŁO PRZEDMIOTOWE W FORMIE NAZWY OGÓLNEJ LUB JEDNOSTKOWEJ
Nazwa ogólna lub geograficzna Autorship
830 ## - HASŁO DODATKOWE SERII LUB DOKUMENTU WIELOCZĘŚCIOWEGO - TYTUŁ UJEDNOLICONY
Tytuł ujednolicony Famous Writers Course
856 ## - LOKALIZACJA I DOSTĘP DO ELEKTRONICZNYCH DOKUMENTÓW ZDALNYCH
Link (URL) http://koha.tu.koszalin.pl/cgi-bin/koha/opac-detail.pl?biblionumber=48359
Tekst linku Katalog online BPK
942 ## - DODATKOWE ELEMENTY (KOHA)
Typ dokumentu Książka
Egzemplarze
Wycofany Status egzemplarza Uszkodzony Dostępność Lokalizacja stała Lokalizacja bieżąca Miejsce przechowywania Sygnatura Kod kreskowy Typ dokumentu
      Dostępny Biblioteka Politechniki Koszalińskiej Biblioteka Politechniki Koszalińskiej Wypożyczalnia Językowa KA 5609 09084773 Książka
© 2023 Biblioteka Politechniki Koszalińskiej :: KOHA